|
|
|
|
| LEADER |
01220nam a2200325Ia 4500 |
| 001 |
9780203481035 |
| 003 |
FlBoTFG |
| 005 |
20071226173919.0 |
| 006 |
a|||||s||||||||||| |
| 007 |
cr|||| |
| 008 |
071226s1990 enkabe b 001 0 eng d |
| 020 |
|
|
|a 9780203481035 (e-book : PDF)
|
| 040 |
|
|
|a FlBoTFG
|c FlBoTFG
|d GrThAP
|
| 043 |
|
|
|a aw-----
|a e------
|
| 090 |
|
|
|a DS56
|b .K46 1990
|
| 100 |
1 |
|
|a Kennedy, D. L.
|
| 245 |
1 |
0 |
|a Rome's desert frontier :
|b from the air /
|c David Kennedy & Derrick Riley.
|
| 260 |
|
|
|a London :
|b B.T. Batsford,
|c 1990.
|
| 300 |
|
|
|a 256 p. :
|b ill., maps, plans ;
|c 25 cm.
|
| 504 |
|
|
|a Includes bibliographical references (p. 243-251) and index.
|
| 530 |
|
|
|a Also available in print edition.
|
| 533 |
|
|
|a Electronic reproduction.
|b [London, Eng. :
|b Taylor and Francis,
|d 2010].
|n PDF file created from digital scan of print book.
|
| 650 |
|
0 |
|a Limes (Roman boundary)
|z Middle East.
|
| 650 |
|
0 |
|a Romans
|z Middle East.
|
| 651 |
|
0 |
|a Middle East
|x Antiquities, Roman.
|
| 651 |
|
0 |
|a Rome
|x Military antiquities.
|
| 655 |
|
7 |
|a Electronic books.
|2 lcsh
|
| 700 |
1 |
|
|a Riley, D. N.
|q (Derrick N.)
|
| 776 |
1 |
|
|z 0713462620
|
| 856 |
4 |
0 |
|u http://www.tandfebooks.com/isbn/9780203481035
|z Full Text via HEAL-Link
|